LEADER 01355nam a2200301 i 4500 001 000000343863 003 CaOOAMICUS 005 20210120112604.0 008 210120s2020 it u000 u ita u 013 $a235803 020 $a978-88-8227-561-7 040 $aSeMil$bita 240 10$aFollia d'amore.$0(OLS)http://semarc/title/432909 245 00$aFollia d'amore :$bi folli in Cristo d'Oriente e d'Occidente /$cintroduzione, traduzione e note a cura di Lisa Cremaschi. 264 1$aMagnano :$bQiqajon, Comunità di Bose,$c2020. 300 $a266 p. ;$c22 cm. 490 0 $aPadri della chiesa: volti e voci 504 $aBibliografia, p. 247-264 650 4$aMonachesimo - Testimonianze.$0(OLS)http://semarc/subject/48017 650 4$aMonaci.$0(OLS)http://semarc/subject/49883 700 1 $aCremaschi, Lisa.$0(OLS)http://semarc/name/30282 830 0$aPadri della chiesa: volti e voci.$0(OLS)http://semarc/title/26515 850 $aSeMil 852 $aSeMil$W1$xVenegono$y1$m2T III 75$j223602$B234921$CSeMilBibl$Z2$F234921 $81 996 $6020$a978-88-8227-561-7$9(OLS)http://semarc/number/292132 996 $6245$aFollia d'amore :$bi folli in Cristo d'Oriente e d'Occidente$9(OLS)http://semarc/title/432908 996 $6264$aMagnano :$bQiqajon, Comunità di Bose$9(OLS)http://semarc/publisher/55988 LEADER 01058nam a2200229 i 4500 001 000000229214 003 CaOOAMICUS 005 20140430000000.0 008 140430s1911 it u000 u ger u 013 $a208116 040 $aSeMil$bita 100 1 $aGuthe, Hermann.$0(OLS)http://semarc/name/79171 245 10$aBibelatlas in 20 haupt - und 28 nebenkarten :$bmit einem verzeichnis der alten un neuen ortsnamen /$cvon Hermann Guthe. 260 $aLeipzig :$bH. Wagner & E. Debes,$c1911. 300 $a9 p. :$bc. geogr. ;$c45 cm. 650 4$aBibbia - Atlanti geografici.$0(OLS)http://semarc/subject/4635 650 4$aPalestina - Geografia storica.$0(OLS)http://semarc/subject/4761 850 $aSeMil 852 $aSeMil$W1$xVenegono$y1$B179560$CSeMilBibl$Z2$F190671 $8I 961 $aTemporaneamente collocato in ufficio 996 $6245$aBibelatlas in 20 haupt - und 28 nebenkarten :$bmit einem verzeichnis der alten un neuen ortsnamen$9(OLS)http://semarc/title/327880 996 $6260$aLeipzig :$bH. Wagner & E. Debes$9(OLS)http://semarc/publisher/53703